000 00286nam a22001217a 4500
082 _a823
_bIRI/A
100 _aIRINA, Z
100 _aBERNARDI
245 _aALYONUSHKA - RUSSIAN FOLK TALES
260 _aMOSCOW
_bRADHUYA PUBLICATIONS
_c1989
650 _aENGLISH STORY
_zMOSCOW
942 _cBK
999 _c7416
_d7416